000 01345nam a2200373 a 4500
999 _c111460
_d111460
003 BLK
005 20230530145119.0
008 180409b bul|||||r ||||||| ||bul||
010 _aKNG00116805000
020 _a954-625-330-8
040 _aBLK
041 _aBUL
_cBUL
080 _aКучета
_b636.7
_x(035)
_z636.7(035)
100 1 _aО'Нийл, Аманда
_eпърви автор
_9279902
139 _aО'Нийл, Аманда
_bО 58
245 1 0 _aНай-добрата книга за кучетата
_bЕволюция, история, породи,поведение, грижи
_cАманда О'Нийл; прев. Екатерина Иванова Латева.
257 _aGBR
260 _bФют
_c2004
_aСофия
300 _a64 с.
_bс цв. ил.
_c27 см
380 _aDN
500 _aОриг. загл. The Best -Ever Book of Dogs. - Офс. изд.
650 4 _aКучета - отглеждане
_9262644
653 _aкучета
653 _aпороди
653 _aмитове
700 1 _aЛатева, Екатерина Иванова
_9363572
852 _aЦб ІІ 13022
_bЦб
856 4 _qpdf
856 4 _qpdf
942 _cKNG
_n0
_015
_s1
944 _aCR
_c04.01.2005
_lф /
_kЛюдмила_Стоянова
944 _aED
_c06.02.2013
_lф /
999 _d111460